Capitale amérique du sud aléatoire - Statistiques

Statistiques générales
  • Ce quiz a été pris 44 fois
  • Le résultat moyen est 10 sur 12
Statistiques - réponses
Pays Réponse % Correct
Argentine Buenos Aires
97%
Colombie Bogota
94%
Bresil Brasilia
94%
Perou Lima
94%
Uruguay Montevideo
88%
Venezuela Caracas
85%
Chili Santiago
85%
Equateur Quito
82%
Bolivie Sucre
79%
Paraguay Asuncion
74%
Guyana Georgetown
59%
Suriname Paramaribo
53%
Aucun quiz correspondant
Distribution des résultats
% des personnes avec chaque résultat
Percentile par nombre de réponses
Votre historique - résultats
Vous n’avez pas pris ce quiz